00459 2200193 4500001002100000005001500021035002000036007000300056008004100059020002200100082000800122084001400130100001100144245003500155260002600190300001800216650001200234856001900246INLIS00000000000817820260127014451 a0010-0126000175ta260127 0 ind  a978-623-203-357-3 a615 a615 JOS f0 aJOSEPH1 aFARMAKOTERAPI VOL. 6 /cJOSEPH aJAKARTA :bEGC,c2025 a3640 ;c29 cm 4aFARMASI aALUMNI FARMASI